00755nam a22001697a 4500008004100000020002200041082001400063100000300077245009300080260002700173300003100200500007400231505018700305650002700492700002900519700003700548121215t xxu||||| |||| 00| 0 eng d a978-84-8174-832-1 2611 D789g  aGray : anatomía para estudiantes / Richard L. Drake ; Wayne Vogl ; Adam W.M. Mitchell aMadridbElsevierc2007 axxv, 1058p. ilus. col. aTraducción de: Anatomy for students. Incluye: índice analítico. aContenido: Anatomías y técnicas de imagen.- La región dorsal del tronco.- Tórax.- Abdomen.- Pelvis y periné.- Extremidad inferior.- Extremidad superior.- Cabeza y cuello.-  a1. ANATOMÍA HUMANA . aI. Vogl, Wayne ; coaut.  aII. Mitchell, Adam W.M. ; coaut.